000 00636nam a2200253Ia 4500
008 160216s9999 xx 000 0 und d
020 _a971-085-885-8
050 _aFIL BD 450
050 _b.C78 2007
100 _aCruz, Corazon L.
245 _aPhilosophy of man /
245 _cCorazon L. Cruz.
250 _a3rd Edition
260 _aMandaluyong:
260 _bNational Book Store,
260 _c2007
300 _a236 pages :
300 _bill. ;
300 _c22 cm.
500 _aIncludes bibliographical references and index.
650 _aMan.
650 _aPhilosophy, Filipino.
650 _aPhilosophy.
999 _c290993
_d290993